000 00309 a2200145 4500
999 _c12010
_d12010
003 OSt
005 20240111140022.0
008 240111b ||||| |||| 00| 0 eng d
020 _a9788972129831
082 _a720
100 _aA & C
245 _aArchitecture Details vol1
260 _bA & C
942 _2ddc